[Event "Floripa Chess Open 2024"]
[Site "Florianopolis"]
[Date "2024.01.26"]
[Round "8.63"]
[White "Sega, Carlos Alberto"]
[Black "Nunes, Leonardo De Souza"]
[Result "1/2-1/2"]
[WhiteElo "2193"]
[BlackElo "1800"]
[PlyCount "32"]
[EventDate "2024.01.20"]
[EventRounds "10"]
[EventCountry "BRA"]

1. c4 Nf6 2. Nc3 d5 3. cxd5 Nxd5 4. g3 g6 5. Bg2 Nxc3 6. bxc3 c5 7. Rb1 Nc6 8.
Qa4 Qc7 9. Ba3 ({RR} 9. d4 Bg7 10. Bf4 Qd7 11. Nf3 O-O 12. O-O Nxd4 13. Qd1 Nc6
14. Qa4 Nd4 15. Qd1 Nc6 16. Qa4 {1/2-1/2 (16) Milanovic,S (2326)-Ersoz,T (2269)
Ayvalik TUR 2023}) 9... Bg7 $146 ({RR} 9... e6 10. Bxc6+ bxc6 11. Nf3 Bd6 12.
d3 h5 13. h4 O-O 14. Nd2 Rb8 15. Rxb8 Qxb8 16. Kf1 f5 17. Kg2 Rf7 18. Rb1 Qc7
19. Nc4 f4 20. Nxd6 Qxd6 21. Qe4 e5 22. f3 fxg3 23. Kxg3 Rf4 24. Qe3 {Eising,
J-Bachmann,K Bad Pyrmont 1961 1/2-1/2 (36)}) ({RR} 9... e6 10. Qb5 Bd7 11. Qb2
Qa5 12. Nf3 Bg7 13. O-O O-O 14. d4 b6 15. Rfd1 Rfd8 16. e3 Rac8 17. Nd2 cxd4
18. cxd4 Qh5 19. h3 e5 20. d5 e4 21. Nxe4 Ne5 22. g4 Bxg4 23. hxg4 Qxg4 24. Kf1
{Larsen,B (2625)-Castro Rojas,O (2380) Biel 1976 1-0 (36)}) ({RR} 9... e5 10.
Bxc6+ Qxc6 11. Qxc6+ bxc6 12. Nf3 f6 13. d3 c4 14. Bxf8 Rxf8 15. dxc4 Rf7 16.
Nd2 Be6 17. Rb2 Rd8 18. f3 Rfd7 19. Rg1 Ke7 20. g4 f5 21. gxf5 gxf5 22. c5 Kf6
23. Rg3 Re7 24. Kf2 {Simonyi,Z (2151)-Molnar,G (1941) Senta 2011 1-0 (37)}) 10.
Bxc5 O-O 11. Nf3 b6 12. Be3 Bf5 13. Rc1 Bd7 14. O-O Rac8 15. Qh4 Bf6 16. Bg5
Bg7 1/2-1/2

[Event "Floripa Chess Open 2024"]
[Site "Florianopolis"]
[Date "2024.01.26"]
[Round "8.64"]
[White "Ribeiro, Regina"]
[Black "Milat, Marcel"]
[Result "1/2-1/2"]
[WhiteElo "1822"]
[BlackElo "2213"]
[PlyCount "56"]
[EventDate "2024.01.20"]
[EventRounds "10"]
[EventCountry "BRA"]

1. Nf3 Nf6 2. g3 b5 3. a4 b4 4. Bg2 Bb7 5. O-O e6 6. c4 c5 7. d4 cxd4 8. Nxd4
Bxg2 9. Kxg2 d5 ({RR} 9... Qc7 10. b3 Bc5 11. Kg1 a6 12. Bb2 h5 13. Nd2 h4 14.
N2f3 Nc6 15. Qd3 O-O-O 16. Rfd1 e5 17. Nxc6 e4 18. Qc2 dxc6 19. Rxd8+ Qxd8 20.
Rd1 Qb6 21. Nd4 Qc7 22. e3 hxg3 23. hxg3 Qd7 24. Kf1 {Sheppard,D (1651)-Pal,R 
(1960) Harrogate ENG 2024 0-1 (36)}) 10. cxd5 Qxd5+ 11. f3 a6 $146 ({RR} 11...
Nc6 12. Nxc6 Qxc6 13. Bg5 Be7 14. Qd3 Qd5 15. Qb5+ Qxb5 16. axb5 Nd5 17. e4
Bxg5 18. exd5 exd5 19. Re1+ Kd7 20. Re5 Bf6 21. Rxd5+ Ke6 22. Rd2 Rhb8 23. Ra6+
Ke7 24. Ra5 Ke8 25. b3 Bd8 26. Re2+ {Gross,G (2317)-Rau,H (2325) Germany 2003
1-0 (52)}) ({RR} 11... Be7 12. Nb5 Qc6 13. Be3 a6 14. Nd4 Qd5 15. Nd2 O-O 16.
Rc1 Rd8 17. N2b3 g6 18. Nd2 e5 19. N4b3 Nc6 20. Qc2 Nd4 21. Bxd4 exd4 22. Rfd1
d3 23. exd3 Qxd3 24. Nc4 Qxc2+ {0-1 (24) Lodhi,M (2335)-Urkedal,F (2500)
Tromsoe 2014}) ({RR} 11... Nbd7 12. Nb5 Qc6 13. Be3 a6 14. Nd4 Qb7 15. Nd2 Bc5
16. N2b3 Bb6 17. Qd2 O-O 18. Bg1 e5 19. Nf5 Bxg1 20. Qg5 g6 21. Rxg1 Kh8 22.
Ne3 Rfe8 23. Rgd1 e4 24. f4 Rac8 25. Rd6 Re6 26. Rd4 {Dumpor,A (2335)
-Todorovic,N (2312) Kragujevac 2015 1-0 (37)}) 12. e4 Qb7 13. Be3 Be7 14. Nd2
O-O 15. Rc1 Rc8 16. Rxc8+ Qxc8 17. Qc1 Nbd7 18. Nc6 Bf8 19. Qc4 Nc5 20. Bxc5
Qxc6 21. Bxf8 Qxc4 22. Nxc4 Kxf8 23. Rd1 Rc8 24. b3 Ke7 25. Kf2 Rc7 26. Ke3 Nd7
27. e5 f6 28. f4 Nc5 1/2-1/2

[Event "Floripa Chess Open 2024"]
[Site "Florianopolis"]
[Date "2024.01.26"]
[Round "8.65"]
[White "Marques Junior, Marcos Antonio"]
[Black "Contin, Daniel"]
[Result "0-1"]
[WhiteElo "1818"]
[BlackElo "2203"]
[PlyCount "62"]
[EventDate "2024.01.20"]
[EventRounds "10"]
[EventCountry "BRA"]

1. e4 c5 2. Nf3 d6 3. d4 Nf6 4. Nc3 cxd4 5. Nxd4 a6 6. Be2 e5 7. Nf3 Be7 8. O-O
O-O 9. Bg5 Nbd7 10. a4 h6 11. Bxf6 ({RR} 11. Bh4 g5 12. Bg3 Nc5 13. Nd2 Be6 14.
Qc1 Kg7 15. Re1 Rc8 16. Bf1 Ncd7 17. f3 d5 18. exd5 Nxd5 19. Nxd5 Bxd5 20. c3
f6 21. Qc2 Bf7 22. Bd3 Qc7 23. Bf5 Rcd8 24. Bf2 Nc5 25. Red1 Qc6 {Dvoirys,S  
(2555)-Aseev,K (2522) Krasnoyarsk 2003 1-0 (63)}) 11... Nxf6 12. Bc4 ({RR} 12.
Nd2 Be6 13. Rb1 Rc8 14. Re1 Rc6 15. Nf1 Qd7 16. Ne3 Rfc8 17. Ned5 Bd8 18. Rc1
Bxd5 19. Nxd5 Nxe4 20. Bg4 f5 21. Rxe4 fxg4 22. Rxe5 Rxc2 23. Rxc2 Rxc2 24. Re2
Rxe2 25. Qxe2 Qxa4 26. Qe6+ Kh8 {Bozic,S (1839)-Nikolaidis,K (2133) Vrnjacka
Banja SRB 2023 1/2-1/2 (36)}) 12... Be6 13. Qe2 $146 ({RR} 13. Qd3 Rc8 14. Nd5
Nxd5 15. Bxd5 Qb6 16. c4 Kh8 17. b4 Bg4 18. h3 Bd7 19. a5 Qc7 20. b5 f5 21.
bxa6 bxa6 22. Rfb1 fxe4 23. Bxe4 Rb8 24. Qd5 Rxb1+ 25. Rxb1 Rb8 26. Rxb8+ Qxb8
27. Nxe5 dxe5 {Vrbovsky,M (1810)-Majzlan,I (2235) Bratislava 1997 1-0 (36)}) ({
RR} 13. Qd3 Rc8 14. Nd2 Nh5 15. g3 Nf6 16. Rfc1 Nd7 17. Nd5 Bg5 18. Rd1 Bg4 19.
f3 Be6 20. Kg2 Nb6 21. Nxb6 Qxb6 22. Bxe6 fxe6 23. Nc4 Qc7 24. b3 Rfd8 25. h4
Be7 26. a5 Qc5 27. Kh3 Rf8 {Toshkov,T (2385)-Inkiov,V (2445) Sofia 1981 1-0  
(80)}) ({RR} 13. Bd5 Qa5 14. Qd3 Nxd5 15. exd5 Bg4 16. Nd2 Rac8 17. Nb3 Qc7 18.
a5 Bh5 19. Ra4 Qd7 20. Rb4 Bg6 21. Qe2 Rfe8 22. f3 Rc7 23. Rf2 Bd8 24. Qd1 Bg5
25. Re2 f5 26. Qe1 Bh5 27. Na4 Qf7 {Vasilyev,A (1995)-Isanzhulov,A (2284) St
Petersburg RUS 2018 0-1 (97)}) 13... Rc8 14. Nd5 Nxd5 15. Bxd5 Bxd5 16. exd5 f5
17. a5 Qc7 18. Rfc1 Qc4 19. Qxc4 Rxc4 20. c3 Rfc8 21. Nd2 R4c5 22. c4 Bg5 23.
b4 R5c7 24. Rc2 Bxd2 25. Rxd2 Rxc4 26. b5 axb5 27. g3 Rc1+ 28. Rd1 Rxa1 29.
Rxa1 Rc5 30. a6 bxa6 31. Rxa6 Rxd5 0-1

[Event "Floripa Chess Open 2024"]
[Site "Florianopolis"]
[Date "2024.01.26"]
[Round "8.66"]
[White "Cezar, Ricardo De Almeida"]
[Black "Piasetski, Leon"]
[Result "0-1"]
[WhiteElo "1809"]
[BlackElo "2155"]
[PlyCount "36"]
[EventDate "2024.01.20"]
[EventRounds "10"]
[EventCountry "BRA"]

1. d4 Nf6 2. c4 e6 3. Nc3 Bb4 4. Qc2 Nc6 5. Nf3 d5 6. cxd5 exd5 7. Bg5 h6 8.
Bh4 ({RR} 8. Bf4 g5 9. Be5 g4 10. Nd2 Nxe5 11. dxe5 Nd7 12. Nxd5 Bxd2+ 13. Qxd2
Nxe5 14. e4 c6 15. Qc3 f6 16. Ne3 Be6 17. Rd1 Qe7 18. Bc4 O-O 19. Nf5 Qe8 20.
Bxe6+ Qxe6 21. Nxh6+ Kh7 22. Nf5 Rad8 {Prem,P (2061)-Jegorovas,A (2270) chess.
com INT 2022 0-1 (34)}) 8... g5 9. Bg3 Ne4 ({RR} 9... g4 10. Ne5 Nxd4 11. Qa4+
b5 12. Qd1 Nf5 13. e4 Nxe4 14. Bxb5+ Kf8 15. O-O Nexg3 16. fxg3 Be6 17. Nxd5
Qxd5 18. Qxd5 Bxd5 19. Rxf5 Be6 20. Rf4 Bc5+ 21. Kf1 Bd6 22. Ng6+ Kg7 23. Nxh8
Bxf4 24. gxf4 {Belozerov,A (2541)-Ovetchkin,R (2519) Tomsk 2003 1-0 (55)}) 10.
e3 Qe7 $146 ({RR} 10... Nxg3 11. hxg3 Qe7 12. Be2 a6 13. Rc1 Be6 14. a3 Bd6 15.
b4 Na7 16. Bd3 Qf6 17. e4 g4 18. e5 Qg7 19. Nh4 Be7 20. Nf5 Bxf5 21. Bxf5 c6
22. Rh5 Nb5 23. Nxb5 axb5 24. Qd3 Rg8 25. Rc3 {Sorbelli,M (1929)-Mazza,D (1765)
Assisi 2008 1/2-1/2 (49)}) ({RR} 10... h5 11. Ne5 h4 12. Nxc6 bxc6 13. f3 Nxc3
14. bxc3 hxg3 15. cxb4 Qd6 16. Bd3 Qxb4+ 17. Ke2 Rxh2 18. Rxh2 gxh2 19. Rh1 Qd6
20. Kf2 Rb8 21. Be2 Ke7 22. g3 Bd7 23. Rxh2 Qa3 24. Rh7 Rb2 25. Qg6 {Cederstam
Barsk,C (2229)-Adler,B (2169) Stockholm 2012 1-0 (34)}) 11. Bd3 Nxg3 12. hxg3
g4 13. Nd2 Nxd4 14. Qa4+ Bd7 15. Nxd5 Bxa4 16. Nxe7 Kxe7 17. exd4 Rad8 18. Rc1
Rxd4 0-1

[Event "Floripa Chess Open 2024"]
[Site "Florianopolis"]
[Date "2024.01.26"]
[Round "8.67"]
[White "Lima, Kleyton Alcantara"]
[Black "Da Fonseca Pinto, Joao Gabriel Alves"]
[Result "1/2-1/2"]
[WhiteElo "2119"]
[BlackElo "1808"]
[PlyCount "79"]
[EventDate "2024.01.20"]
[EventRounds "10"]
[EventCountry "BRA"]

1. e4 e5 2. Nf3 Nc6 3. Bb5 a6 4. Ba4 Nf6 5. O-O Be7 6. Re1 b5 7. Bb3 d6 8. c3
O-O 9. h3 Na5 10. Bc2 c5 11. d4 Qc7 12. d5 Re8 13. b3 h6 ({RR} 13... c4 14. b4
Nb7 15. a4 Bd7 16. a5 g6 17. Nbd2 Nh5 18. Nf1 Bf6 19. Be3 Qc8 20. Ng3 Nf4 21.
Qd2 Qb8 22. Bxf4 exf4 23. Ne2 g5 24. Ned4 Qc8 25. h4 h6 26. hxg5 hxg5 27. g3
fxg3 28. Nxg5 {Besou,H (2364)-Bohatyrova,M (1398) Dusseldorf GER 2023 1-0 (33)}
) 14. Nbd2 Bf8 15. Nf1 g6 16. a4 $146 ({RR} 16. g4 Bg7 17. Ng3 Nb7 18. a4 bxa4
19. Rxa4 Bd7 20. Ra1 c4 21. b4 a5 22. Be3 axb4 23. cxb4 Bb5 24. Ne2 c3 25. Rxa8
Rxa8 26. Bd3 Bxd3 27. Qxd3 Qd7 28. Ng3 Rc8 29. Ra1 c2 30. Ne1 h5 {Nevioselaya,
M (2057)-Chang,S (2006) Istanbul 2012 1-0 (44)}) ({RR} 16. Ng3 Bg7 17. Be3 Kh7
18. Qe2 Bd7 19. Rec1 Nb7 20. b4 a5 21. a3 Reb8 22. Bd3 axb4 23. axb4 c4 24. Bc2
Nd8 25. Qd1 Ne8 26. Rxa8 Rxa8 27. Ra1 Qb7 28. Qc1 Ra6 29. Nd2 Qa8 30. Rxa6 Qxa6
{Mulligan,S (1895)-Houston,D (2235) Bunratty 2016 1/2-1/2 (31)}) 16... Bd7 17.
b4 Nc4 18. a5 Rac8 19. Bd3 cxb4 20. cxb4 Bg7 21. Ne3 Qb8 22. Qe2 Nxe3 23. Bxe3
Rc3 24. Bd2 Rc7 25. Kh2 Nh5 26. g3 Rec8 27. Be3 Kh7 28. Ng1 Re8 29. Qd2 f5 30.
Bb6 Rcc8 31. f3 Nf6 32. Ne2 fxe4 33. fxe4 Rf8 34. g4 Rf7 35. Ng3 Rcf8 36. Rf1
Ng8 37. Rac1 Rxf1 38. Bxf1 Rc8 39. Rb1 Bf6 40. Bd3 1/2-1/2

[Event "Floripa Chess Open 2024"]
[Site "Florianopolis"]
[Date "2024.01.26"]
[Round "8.68"]
[White "Mariot Vaz, Joao Antonio Bertol"]
[Black "Gruettner, Ralf"]
[Result "0-1"]
[WhiteElo "1772"]
[BlackElo "2071"]
[PlyCount "53"]
[EventDate "2024.01.20"]
[EventRounds "10"]
[EventCountry "BRA"]

1. e4 c5 2. Nf3 Nc6 3. Bb5 Nf6 4. Bxc6 dxc6 5. d3 g6 6. h3 Bg7 7. O-O O-O 8.
Nc3 Qc7 9. Be3 b6 10. Qd2 Re8 ({RR} 10... e5 11. Bh6 Nh5 12. Bxg7 Kxg7 13. Ne2
Kg8 14. a3 a5 15. b4 axb4 16. axb4 Rxa1 17. Rxa1 cxb4 18. Qxb4 Be6 19. Ra6 Rb8
20. Qa3 c5 21. Ra7 Qd6 22. Qa1 f6 23. Qa3 Bf7 24. Qa4 Be6 25. Nc3 {Wang Hao  
(2730)-Mamedov,R (2703) St Petersburg RUS 2018 1-0 (74)}) ({RR} 10... Rd8 11.
Bh6 Bh8 12. Rae1 e5 13. Nh2 c4 14. Bg5 cxd3 15. cxd3 Qd6 16. f4 Qd4+ 17. Rf2
Qxd3 18. Qc1 Be6 19. fxe5 Nd7 20. Rd1 Qc4 21. Bxd8 Rxd8 22. Nf3 Re8 23. Qf4 Qc5
24. Rxd7 Bxd7 25. Ng5 {Dau Khuong Duy (2309)-Syaputra,A (2247) chess.com INT
2024 1-0 (48)}) 11. a3 a5 12. Na4 Nd7 $146 ({RR} 12... Ba6 13. Rfd1 Bb5 14. Nc3
Ba6 15. Rab1 Nd7 16. Ne2 e5 17. Ng3 Nf8 18. Ra1 Ne6 19. b4 cxb4 20. axb4 axb4
21. Qxb4 c5 22. Qd2 Bb7 23. Bh6 Bf6 24. Nh2 Rxa1 25. Rxa1 Ra8 26. Rxa8+ Bxa8
27. Ng4 {Reyer,U (2227)-Nauschuetz,E (1863) Greifswald 2002 1/2-1/2 (43)}) 13.
c3 Ba6 14. Rfd1 Rad8 15. Qc2 Bb5 16. d4 c4 17. b4 cxb3 18. Qxb3 Be2 19. Rd2
Bxf3 20. gxf3 b5 21. Nb2 Rb8 22. Nd3 a4 23. Qc2 Qc8 24. Kg2 Nb6 25. Bf4 Rd8 26.
Bg3 Nc4 27. Rdd1 0-1

[Event "Floripa Chess Open 2024"]
[Site "Florianopolis"]
[Date "2024.01.26"]
[Round "8.69"]
[White "Kayser, Gustavo Warmling"]
[Black "Samaniego, Diego Pinheiro"]
[Result "1-0"]
[WhiteElo "2029"]
[BlackElo "1806"]
[PlyCount "67"]
[EventDate "2024.01.20"]
[EventRounds "10"]
[EventCountry "BRA"]

1. d4 Nf6 2. c4 g6 3. Nf3 Bg7 4. g3 O-O 5. Bg2 c5 6. O-O cxd4 7. Nxd4 Nc6 8.
Nc3 a6 9. Rb1 e5 ({RR} 9... Nxd4 10. Qxd4 d6 11. Qh4 Rb8 12. Bg5 Be6 13. Ne4
Nxe4 14. Bxe4 Re8 15. b3 Qd7 16. Rfd1 Rbc8 17. Rbc1 Rc5 18. Bf3 Bf5 19. g4 Be6
20. Be3 Rcc8 21. Bb6 h6 22. a4 Bb2 23. Rb1 Bf6 24. Qg3 {Guramishvili,S (2426)
-Arabidze,M (2348) Tbilisi 2013 1-0 (70)}) ({RR} 9... Qc7 10. Nc2 d6 11. Ne3
Be6 12. Ned5 Bxd5 13. cxd5 Ne5 14. Be3 Rac8 15. Bh3 Nfg4 16. Bd4 f5 17. e3 Nf6
18. e4 Qd7 19. exf5 gxf5 20. Qe2 Nfg4 21. Rbd1 Qe8 22. f4 Qh5 23. Kg2 Ng6 24.
Rfe1 {Koehler,G (2205)-Goli,D (1971) Acqui Terme ITA 2023 1-0 (42)}) 10. Nc2 d6
$146 ({RR} 10... Qe7 11. Bg5 Qe6 12. Nd5 Ne8 13. Qd2 d6 14. b4 h6 15. Bxh6 Bxh6
16. Qxh6 Ne7 17. Nce3 Nxd5 18. Nxd5 Rb8 19. Bh3 f5 20. e4 Ng7 21. Qg5 Kh7 22.
a4 Bd7 23. b5 axb5 24. axb5 Rbc8 25. Rbc1 {Bastos,W (2072)-Da Silva,R (1917)
Teresina 2014 1-0 (72)}) ({RR} 10... Rb8 11. a4 d6 12. b3 Bf5 13. e4 Bg4 14.
Qd3 Qc7 15. h3 Be6 16. Ba3 Rfd8 17. Kh1 Na5 18. Ne3 Nc6 19. f4 exf4 20. gxf4
Nh5 21. Ned5 Qd7 22. Kh2 f5 23. Bb2 Qf7 24. Ne2 Bxb2 25. Rxb2 {Khairallah,F  
(2270)-Abou El Hussen,A (1904) Beirut 2016 0-1 (47)}) 11. Bg5 h6 12. Bxf6 Bxf6
13. Ne3 Be6 14. Ncd5 Bg7 15. Qd2 Ne7 16. Rfd1 Nxd5 17. Nxd5 b5 18. Ne3 Rb8 19.
b3 bxc4 20. Nxc4 Bxc4 21. bxc4 Rxb1 22. Rxb1 Qc7 23. Qb4 e4 24. Bxe4 Bd4 25. e3
Bc5 26. Qa4 a5 27. Rb7 Qd8 28. Bd5 Kg7 29. Qb5 h5 30. Rd7 Qc8 31. Qb2+ Kh7 32.
Be6 Qe8 33. Qf6 a4 34. Bxf7 1-0

[Event "Floripa Chess Open 2024"]
[Site "Florianopolis"]
[Date "2024.01.26"]
[Round "8.70"]
[White "Souza Dos Santos, Matheus Garcett"]
[Black "Correia, Pedro Bavaresco"]
[Result "1-0"]
[WhiteElo "2024"]
[BlackElo "1796"]
[PlyCount "62"]
[EventDate "2024.01.20"]
[EventRounds "10"]
[EventCountry "BRA"]

1. e4 c5 2. Nf3 Nc6 3. d4 cxd4 4. Nxd4 Nf6 5. Nc3 e5 6. Ndb5 d6 7. Bg5 a6 8.
Na3 b5 9. Nd5 Be7 10. Bxf6 Bxf6 11. c4 b4 12. Nc2 a5 13. g3 Bb7 ({RR} 13... h5
14. h4 g6 15. Bh3 Bb7 16. Qd3 Bg7 17. Rd1 O-O 18. O-O Rb8 19. b3 Re8 20. Rfe1
Ba8 21. Nde3 Bf8 22. Nd5 Bg7 23. Nde3 Bf8 24. Nd5 Bg7 {1/2-1/2 (24)
Nepomniachtchi,I (2784)-Carlsen,M (2862) chess24.com INT 2020}) 14. h4 g6 ({RR
} 14... Ne7 15. Nxf6+ gxf6 16. Bg2 Ng6 17. Ne3 Rc8 18. b3 Qb6 19. Nf5 Rd8 20.
O-O O-O 21. Qh5 Bc8 22. Qh6 Bxf5 23. exf5 Ne7 24. Qxf6 Qc7 25. h5 h6 26. Qxh6
Nxf5 27. Qg5+ Ng7 28. h6 f6 29. Bd5+ {Utiatskaja,I (1935)-Brambilla,R (1651)
http://www.chessbomb.com 2021 1-0}) 15. Qd3 $146 ({RR} 15. Bh3 Bg7 16. Qd3 O-O
17. a3 bxa3 18. Rxa3 Nb8 19. O-O Na6 20. Nce3 Nc5 21. Qc2 Bh6 22. Ng4 Bg7 23.
Nge3 Kh8 24. f3 a4 25. Nc3 Bc6 26. Rd1 Rb8 27. Ned5 Rb7 28. Rd2 Nb3 29. Rf2 f5
{Bartel,M (2302)-Bednarek,S (2320) Warsaw 2012 0-1 (58)}) 15... Bg7 16. h5 h6
17. Bh3 Nd4 18. Nxd4 exd4 19. hxg6 fxg6 20. Nf4 O-O 21. O-O-O Re8 22. Be6+ Kh7
23. e5 Rxe6 24. Nxe6 Qe7 25. Nf4 Qe8 26. Rhe1 dxe5 27. Qb3 Qf7 28. Nd3 Qc7 29.
Kb1 Bf3 30. Rd2 e4 31. Nf4 Qd6 1-0

[Event "Floripa Chess Open 2024"]
[Site "Florianopolis"]
[Date "2024.01.26"]
[Round "8.71"]
[White "Silva, Ezequiel Demetras"]
[Black "Torres, Federico"]
[Result "0-1"]
[WhiteElo "1793"]
[BlackElo "2002"]
[PlyCount "38"]
[EventDate "2024.01.20"]
[EventRounds "10"]
[EventCountry "BRA"]

1. e4 d6 2. d4 Nf6 3. Nc3 e5 4. Nf3 Nbd7 5. Bc4 Be7 6. Bxf7+ Kxf7 7. Ng5+ Kg8
8. Ne6 Qe8 9. Nxc7 Qg6 10. Nxa8 Qxg2 11. Rf1 exd4 12. Qxd4 Ne5 13. f4 Nfg4 14.
Ne2 Bh4+ 15. Ng3 Nxh2 16. Qd5+ Nf7 17. Rf2 Qxg3 $146 ({RR} 17... Bxg3) ({RR} 
17... Bxg3 18. Be3 Bxf2+ 19. Bxf2 Qf1+ {0-1 (19) Schaefer,A (2130)-Eriksson,I 
(2070) Budapest 1995}) ({RR} 17... Bxg3 18. Be3 Bxf2+ 19. Bxf2 Qf1+ 20. Kd2
Qxf2+ 21. Kd3 Qf3+ 22. Kd4 Qxf4 23. Kc4 Ng4 24. Kb3 Nf6 25. Qc4 Bd7 26. Qc7
Qxe4 27. Qb8+ Be8 28. Nc7 g6 29. Qc8 Kg7 30. Ne6+ Kh6 31. Qc4 Qxc4+ 32. Kxc4 {
Oldham,D-Garcia,C (2145) Los Angeles 2008 0-1 (34)}) 18. Bd2 Qxf2+ 19. Kd1 Qf1+
0-1

[Event "Floripa Chess Open 2024"]
[Site "Florianopolis"]
[Date "2024.01.26"]
[Round "8.72"]
[White "Cardoso, Maria Paula Da Silv"]
[Black "Guerrero, Alvaro"]
[Result "0-1"]
[WhiteElo "1780"]
[BlackElo "1999"]
[PlyCount "73"]
[EventDate "2024.01.20"]
[EventRounds "10"]
[EventCountry "BRA"]

1. e4 g6 2. c4 Bg7 3. Nc3 d6 4. Nge2 ({RR} 4. d3 e5 5. Be2 Ne7 6. h4 h6 7. h5
g5 8. Bg4 Nd7 9. Nge2 f5 10. Bxf5 Nxf5 11. exf5 Nf6 12. Ng3 O-O 13. Be3 c6 14.
d4 Qe8 15. d5 Kh8 16. Qe2 b5 17. Rd1 bxc4 18. Qxc4 cxd5 {Fancsy,I (2409)
-Golubev,M (2536) Dos Hermanas 2004 1/2-1/2 (71)}) 4... Nd7 5. d3 $146 ({RR} 5.
h3 e5 6. d3 Ne7 7. g3 O-O 8. Bg2 a5 9. O-O f5 10. f4 h6 11. Be3 Nc6 12. Qd2 Kh7
13. Nd5 Nf6 14. Nec3 Be6 15. Rf2 Bxd5 16. Nxd5 Nxd5 17. cxd5 Nd4 18. Bxd4 exd4
19. Re1 Re8 {Kondrashov,I (1425)-Prochaieva,N (1166) Oviedo ESP 2022 1-0 (60)})
({RR} 5. g3 b6 6. Bg2 Bb7 7. O-O c5 8. d4 a6 9. d5 Ngf6 10. a4 O-O 11. Qc2 Rb8
12. b3 a5 13. Bb2 Ne8 14. Rae1 Nc7 15. f4 Na6 16. Nc1 Nb4 17. Qd1 Ba6 18. Nd3
Nxd3 19. Qxd3 Qc7 {Xu,P (1522)-Murali,D (1322) Calgary CAN 2023 1-0 (82)}) 5...
h5 6. Be3 Nh6 7. h3 e5 8. Qd2 c6 9. g3 f6 10. f4 Qe7 11. Bg2 Nf8 12. d4 Nf7 13.
fxe5 fxe5 14. d5 c5 15. a3 b6 16. b4 Nh7 17. bxc5 dxc5 18. Nb5 O-O 19. a4 a6
20. Nbc3 Nd6 21. Qd3 a5 22. Rb1 Qd8 23. Ng1 Ba6 24. Nb5 Bxb5 25. axb5 h4 26. g4
Ng5 27. Bf2 Bf6 28. Ne2 Ra7 29. O-O Rh7 30. Nc3 Ngf7 31. Kh1 Bg5 32. Bg1 Bf4
33. Ne2 Bg5 34. Kh2 Qe7 35. Nc3 Qe8 36. Na4 Qd8 37. Rbc1 0-1

[Event "Floripa Chess Open 2024"]
[Site "Florianopolis"]
[Date "2024.01.26"]
[Round "8.73"]
[White "De Oliveira, Yuri Garcia"]
[Black "Silva, Gabryel Lunardi Car"]
[Result "0-1"]
[WhiteElo "1997"]
[BlackElo "1790"]
[PlyCount "81"]
[EventDate "2024.01.20"]
[EventRounds "10"]
[EventCountry "BRA"]

1. c4 Nf6 2. Nc3 g6 3. e4 d6 4. d4 Bg7 5. Be2 O-O 6. Be3 Nbd7 7. Nf3 e5 8. O-O
Ng4 9. Bg5 f6 10. Bh4 c6 11. d5 ({RR} 11. dxe5 dxe5 12. Nd2 Nh6 13. b4 Nf7 14.
c5 a5 15. a3 axb4 16. axb4 Rxa1 17. Qxa1 Nxc5 18. bxc5 Qxd2 19. Rd1 Qh6 20. Bg3
f5 21. f3 Qg5 22. Bc4 Qe7 23. Bf2 Kh8 24. Qa2 Ng5 25. Re1 Ne6 {Lakdawala,C  
(2440)-Matikozian,A (2461) Los Angeles 2006 0-1 (33)}) 11... c5 12. Rb1 $146 ({
RR} 12. Ne1 Nh6 13. g4 Nf7 14. a3 a5 15. f3 Bh6 16. Bf2 Bf4 17. Nd3 b6 18. Nb5
Ba6 19. Rb1 Bxb5 20. cxb5 a4 21. Qc2 Ra7 22. Qc4 Kg7 23. Kg2 g5 24. Bd1 Qa8 25.
Nc1 Bxc1 26. Rxc1 Nh8 {Dragomirescu,C (2229)-Sukosd,J (2090) Miercurea Ciuc
2003 1/2-1/2 (36)}) ({RR} 12. h3 Nh6 13. g4 Nf7 14. Ne1 Bh6 15. Ng2 Bf4 16. Bg3
g5 17. Ne3 Nh8 18. Nf5 Nb6 19. Kg2 Ng6 20. Rh1 Bxf5 21. exf5 Nh4+ 22. Kh2 Qd7
23. Ne4 Nc8 24. Rb1 a5 25. a4 Ra6 26. Qc2 Rb6 {Shuvalov,E (2038)-Matinian,N  
(2407) chess.com INT 2023 1/2-1/2 (51)}) ({RR} 12. a3 g5 13. Bg3 h5 14. h4 Nh6
15. Ne1 g4 16. Bd3 f5 17. exf5 Nf6 18. Nc2 Bxf5 19. Ne3 e4 20. Bc2 Bh7 21. Rb1
Qe7 22. Qe2 Nd7 23. Nb5 Nf7 24. Nc7 Rac8 25. Ne6 Rfe8 26. Nxg7 Kxg7 {Vega
Sanchez,M-Soria Berregal,V Aviles 1970 1-0 (79)}) ({RR} 12. Nd2 Nh6 13. f3 a6
14. a3 Qe8 15. b4 f5 16. Nb3 b6 17. bxc5 bxc5 18. Na5 Bf6 19. Be1 Nf7 20. Rb1
f4 21. Nc6 g5 22. Na4 Bd8 23. Rb2 Bc7 24. Qb1 Nd8 25. Ba5 Bxa5 26. Nxa5 Nf7 {
Winnig,B (1796)-Dobierzin,O (2159) Leipzig 2002 1-0 (37)}) 12... Rf7 13. a3 Bf8
14. Ne1 Nh6 15. Nd3 Qe8 16. b4 b6 17. bxc5 bxc5 18. Qa4 a5 19. Rb2 Rg7 20. f3
f5 21. Bg5 Nf7 22. Bc1 f4 23. g4 h5 24. gxh5 gxh5+ 25. Kh1 Qd8 26. Qd1 Nf6 27.
Rg1 Ng5 28. Bf1 h4 29. Nb5 Nh5 30. Bd2 Ng3+ 31. hxg3 hxg3 32. Nxf4 exf4 33.
Bxf4 Nxe4 34. Kg2 Qh4 35. Rh1 Qxf4 36. fxe4 Bg4 37. Qd3 Rf7 38. Qxg3 Qf3+ 39.
Qxf3 Bxf3+ 40. Kg1 Bxh1 41. Kxh1 0-1

[Event "Floripa Chess Open 2024"]
[Site "Florianopolis"]
[Date "2024.01.26"]
[Round "8.74"]
[White "Machado, Luiz Fernando"]
[Black "Ferreira, Andrei Dias"]
[Result "0-1"]
[WhiteElo "1737"]
[BlackElo "1977"]
[PlyCount "92"]
[EventDate "2024.01.20"]
[EventRounds "10"]
[EventCountry "BRA"]

1. d4 Nf6 2. Nc3 d5 3. Bf4 c6 4. e3 g6 5. h3 Bg7 6. Nf3 Nbd7 ({RR} 6... Bf5 7.
Ne5 Nbd7 8. g4 Be6 9. Qf3 Ne4 10. Nxd7 Nxc3 11. Nc5 Ne4 12. Nxe6 fxe6 13. Qe2
Rf8 14. f3 Rxf4 15. fxe4 Rf8 16. e5 Qb6 17. c3 Kd7 18. Bg2 Rf7 19. O-O-O Raf8
20. Rhf1 Rxf1 21. Rxf1 {Sitbon,I (2213)-Bodenshtein,Y (1843) Acre ISR 2024 1-0
(42)}) 7. Bd3 O-O 8. g4 ({RR} 8. O-O b6 9. e4 dxe4 10. Nxe4 Bb7 11. Re1 Nxe4
12. Bxe4 Nf6 13. Bd3 c5 14. dxc5 bxc5 15. Ne5 Qb6 16. Qe2 Rad8 17. Bh2 e6 18.
a4 Ba8 19. Nc4 Qb7 20. Qf1 Nd5 21. Be4 Qa6 22. Bg3 Nb6 {Firouzja,A (2682)
-Vidit,S (2707) Xingtai CHN 2019 1-0 (48)}) 8... b6 $146 ({RR} 8... b5 9. a4 b4
10. Ne2 a5 11. Ng3 Qb6 12. Ne5 Ne8 13. h4 Nxe5 14. dxe5 f6 15. exf6 Bxf6 16.
Rb1 e5 17. Bg5 Bxg5 18. hxg5 Nd6 19. Rh2 e4 20. Bf1 Nf7 21. c4 Ne5 22. Be2 Be6
23. Qd4 {Teichert,F (2027)-Lange,J (1900) Hannover 2017 0-1 (37)}) 9. Qd2 Bb7
10. O-O-O c5 11. Rdg1 c4 12. Be2 Bc6 13. h4 b5 14. h5 b4 15. Nb1 Ne4 16. Qxb4
e5 17. Bg3 Rb8 18. Qa3 Re8 19. hxg6 hxg6 20. Nxe5 Nxe5 21. Bxe5 Rxe5 22. dxe5
Bf8 23. Qxa7 Rb7 24. Qa6 Qc7 25. Rg2 Ra7 26. Rgh2 Bg7 27. Qxa7 Qxa7 28. Bf3
Nxf2 29. Re1 Ne4 30. Bxe4 dxe4 31. e6 fxe6 32. Nc3 Qc7 33. Rg2 Qa5 34. Kd2 Qb4
35. Kc1 Bxc3 36. bxc3 Qxc3 37. Kd1 Ba4 38. Rh2 Qb2 39. Reh1 Qb1+ 40. Ke2 Qxc2+
41. Kf1 Qd1+ 42. Kf2 Qf3+ 43. Ke1 Qxe3+ 44. Kf1 c3 45. g5 Bb5+ 46. Kg2 Qf3+ 0-1